Library Banner

Trust the force: (Record no. 19812)

MARC details
000 -LEADER
fixed length control field 00454nam a2200169Ia 4500
001 - CONTROL NUMBER
control field 19436
008 - FIXED-LENGTH DATA ELEMENTS--GENERAL INFORMATION
fixed length control field 140407s9999 xx 000 0 und d
020 ## - INTERNATIONAL STANDARD BOOK NUMBER
International Standard Book Number 1-56821-594-0
040 ## - CATALOGING SOURCE
Transcribing agency PK-LaUMT
082 ## - DEWEY DECIMAL CLASSIFICATION NUMBER
Classification number 158.1
Item number DAV-T
100 ## - MAIN ENTRY--PERSONAL NAME
Personal name Todd Davision
245 ## - TITLE STATEMENT
Title Trust the force:
Remainder of title Change your life through attitudinal healing.
Statement of responsibility, etc Todd Davision
260 ## - PUBLICATION, DISTRIBUTION, ETC. (IMPRINT)
Place of publication, distribution, etc Northvale,UK:
Name of publisher, distributor, etc Jason Aronson Inc.,
Date of publication, distribution, etc 1995
300 ## - PHYSICAL DESCRIPTION
Extent 300 p.
546 ## - LANGUAGE NOTE
Language note EN
942 ## - ADDED ENTRY ELEMENTS (KOHA)
Koha item type Books
Holdings
Withdrawn status Lost status Damaged status Not for loan Home library Current library Date acquired Total Checkouts Full call number Barcode Date last seen Date checked out Price effective from Koha item type
        UMT Main Campus UMT Main Campus 2014-04-07 4 158.1 DAV-T 22713 2024-11-08 2024-10-25 2014-04-23 Books